中国地市跳跃挑战 通辽出发版 China city jumping - from Tongliao - Statistics

General Stats
  • This quiz has been taken 274 times
  • The average score is 150 of 344
Answers on the Map
Answers color-coded by a green-red scale on the quiz's map according to % correct below.
 
Answer Stats
城市 % Correct
四平
99%
辽源
85%
长春
80%
吉林
79%
松原
70%
哈尔滨
69%
绥化
67%
大庆
67%
齐齐哈尔
67%
兴安盟
63%
白城
63%
铁岭
59%
抚顺
59%
沈阳
59%
本溪
58%
辽阳
58%
鞍山
57%
盘锦
57%
营口
57%
锦州
57%
葫芦岛
57%
朝阳
57%
阜新
55%
赤峰
55%
承德
55%
唐山
55%
天津
55%
廊坊
55%
北京
55%
保定
55%
石家庄
55%
阳泉
55%
晋中
54%
太原
54%
忻州
54%
朔州
54%
大同
54%
乌兰察布
54%
呼和浩特
54%
包头
54%
鄂尔多斯
54%
榆林
54%
吕梁
54%
临汾
54%
运城
54%
三门峡
54%
洛阳
54%
焦作
54%
安阳
54%
新乡
54%
开封
54%
郑州
54%
许昌
54%
驻马店
54%
晋城
53%
长治
53%
鹤壁
53%
漯河
53%
信阳
53%
武汉
53%
黄冈
53%
随州
52%
孝感
52%
鄂州
52%
黄石
52%
咸宁
51%
岳阳
51%
益阳
51%
长沙
51%
湘潭
51%
株洲
51%
萍乡
51%
宜春
51%
新余
51%
吉安
51%
赣州
51%
韶关
51%
郴州
51%
衡阳
51%
娄底
51%
邵阳
51%
永州
51%
桂林
51%
柳州
51%
来宾
51%
贵港
51%
玉林
50%
北海
50%
钦州
50%
防城港
50%
南宁
50%
崇左
50%
百色
50%
河池
50%
茂名
49%
湛江
49%
黔南州
49%
黔东南州
49%
贵阳
49%
安顺
49%
六盘水
49%
毕节
49%
昭通
49%
凉山州
49%
攀枝花
49%
丽江
49%
迪庆州
49%
怒江州
49%
保山
49%
德宏州
49%
临沧
49%
普洱
49%
西双版纳州
49%
红河州
49%
文山州
49%
黔西南州
49%
曲靖
49%
昆明
49%
玉溪
48%
大理州
48%
甘孜州
48%
雅安
48%
眉山
48%
乐山
48%
自贡
48%
资阳
48%
成都
48%
德阳
48%
遂宁
48%
广安
48%
重庆
48%
泸州
48%
遵义
48%
铜仁
48%
怀化
48%
湘西州
48%
张家界
48%
常德
48%
荆州
48%
荆门
48%
宜昌
48%
襄阳
48%
南阳
48%
楚雄州
47%
内江
47%
绵阳
47%
南充
47%
宜宾
47%
平顶山
47%
周口
47%
亳州
46%
商丘
46%
菏泽
46%
邯郸
45%
邢台
45%
衡水
45%
德州
45%
濮阳
44%
沧州
44%
滨州
43%
东营
43%
淄博
43%
济南
43%
泰安
43%
济宁
43%
枣庄
43%
徐州
43%
淮北
43%
宿州
43%
蚌埠
43%
淮南
43%
合肥
43%
六安
43%
阜阳
43%
滁州
43%
南京
43%
马鞍山
43%
芜湖
43%
宣城
43%
铜陵
43%
池州
43%
安庆
43%
景德镇
43%
鹰潭
43%
抚州
43%
南昌
43%
九江
43%
黄山
43%
衢州
43%
金华
43%
丽水
43%
温州
43%
台州
43%
宁波
43%
舟山
43%
上海
43%
苏州
43%
无锡
43%
常州
43%
镇江
43%
扬州
43%
泰州
43%
盐城
43%
淮安
43%
宿迁
43%
连云港
43%
日照
43%
青岛
43%
潍坊
43%
临沂
43%
聊城
43%
张家口
43%
锡林郭勒盟
42%
秦皇岛
41%
烟台
41%
威海
41%
丹东
41%
大连
40%
通化
40%
白山
40%
延边州
40%
牡丹江
40%
鸡西
40%
七台河
40%
双鸭山
40%
佳木斯
40%
鹤岗
40%
伊春
40%
黑河
40%
大兴安岭地区
40%
呼伦贝尔
40%
巴彦淖尔
40%
乌海
40%
石嘴山
40%
银川
40%
阿拉善盟
39%
吴忠
39%
中卫
39%
白银
39%
兰州
39%
临夏州
39%
甘南州
39%
黄南州
39%
海东
39%
西宁
38%
海北州
38%
海南州
38%
果洛州
38%
阿坝州
38%
陇南
38%
广元
38%
巴中
38%
达州
38%
汉中
38%
宝鸡
38%
天水
38%
平凉
38%
固原
36%
庆阳
36%
铜川
36%
西安
36%
咸阳
36%
渭南
36%
商洛
36%
安康
36%
十堰
36%
恩施州
36%
延安
36%
定西
36%
武威
35%
金昌
35%
张掖
35%
酒泉
35%
嘉峪关
35%
海西州
35%
玉树州
35%
昌都
35%
林芝
35%
山南
35%
拉萨
35%
日喀则
35%
那曲
34%
阿里地区
34%
和田地区
34%
喀什地区
34%
克孜勒苏州
33%
阿克苏地区
33%
伊犁州直属县市
33%
博尔塔拉州
33%
塔城地区
33%
克拉玛依
33%
昌吉州
33%
乌鲁木齐
33%
吐鲁番
33%
巴音郭楞州
33%
哈密
32%
阿勒泰地区
31%
南通
28%
嘉兴
28%
湖州
28%
杭州
28%
绍兴
28%
上饶
28%
南平
28%
三明
28%
龙岩
28%
漳州
28%
厦门
28%
泉州
28%
莆田
28%
福州
28%
宁德
28%
桃园
28%
新北
28%
台北
28%
台中
28%
台南
28%
高雄
28%
汕头
28%
潮州
28%
揭阳
28%
梅州
28%
河源
27%
惠州
27%
深圳
27%
香港
27%
珠海
27%
澳门
27%
中山
27%
江门
27%
佛山
27%
广州
27%
东莞
27%
清远
26%
肇庆
26%
云浮
26%
梧州
26%
贺州
26%
阳江
26%
海口
26%
儋州
26%
三亚
26%
三沙
25%
汕尾
25%
No matching quizzes found
Score Distribution
Percent of People with Each Score
Percentile by Number Answered
Your Score History
You have not taken this quiz